| 000 | 00460nam a2200181Ia 4500 | ||
|---|---|---|---|
| 001 | 12861 | ||
| 005 | 20260306163012.0 | ||
| 008 | 260306t1991||||xx |||||||||||||| ||spa|| | ||
| 041 | _aESP | ||
| 082 |
_aRD 384.03 _bB41 |
||
| 100 |
_aBenito, Ángel. (Dir.) _eAUT |
||
| 245 | 0 | _aDiccionario de ciencias y técnicas de la comunicación | |
| 260 | _c1991 | ||
| 300 |
_a1371 páginas : _c20 cm. |
||
| 650 | _aGEN | ||
| 654 | _aCAN | ||
| 942 |
_cDIC _dJUS _fJUS _2ddc _n |
||
| 999 |
_c12861 _d12861 |
||